Banks in business (Record no. 82384)

MARC details
000 -LEADER
fixed length control field 01201cam a22002055a 4500
001 - CONTROL NUMBER
control field L150072
008 - FIXED-LENGTH DATA ELEMENTS--GENERAL INFORMATION
fixed length control field 100528e2010 xxk 000 0 eng d
035 ## - SYSTEM CONTROL NUMBER
System control number (Sirsi) u150072
041 0# - LANGUAGE CODE
Language code of text/sound track or separate title eng
100 1# - MAIN ENTRY--PERSONAL NAME
Personal name Thomas, Daniel
245 00 - TITLE STATEMENT
Title Banks in business
260 ## - PUBLICATION, DISTRIBUTION, ETC.
Date of publication, distribution, etc. 2010
490 #0 - SERIES STATEMENT
Series statement Property Week
Volume/sequential designation 76(20) 21 May 2010, 32-35(4)
520 ## - SUMMARY, ETC.
Summary, etc. Analysis in De Montfort University's 2010 report on the lending patterns of 59 large-scale commercial property lenders operating within the UK for the year ending 31 December 2009 shows banks are back in the commercial lending business but are only just recognising the extent of the legacy problems from lending strategies in the previous boom. Total property lending to commercial property and social housing reached £247.7bn and outstanding bank debt secured by UK commercial property rose by 1.2% to £228 3bn in 2009, the lowest increase on record. The total market size is now estimated to be as large as £306bn.
590 ## - LOCAL NOTE (RLIN)
Local note KA
650 24 - SUBJECT ADDED ENTRY--TOPICAL TERM
Topical term or geographic name entry element DE MONTFORT UNIVERSITY UK COMMERICAL PROPERTY LENDING MARKET
651 #4 - SUBJECT ADDED ENTRY--GEOGRAPHIC NAME
Geographic name United Kingdom
Chronological subdivision
690 ## - LOCAL SUBJECT ADDED ENTRY--TOPICAL TERM (OCLC, RLIN)
Topical term or geographic name as entry element PROPERTY-COMMERCIAL PROPERTY-COMMERCIAL PROPERTY FINANCE AND INVESTMENT
942 ## - ADDED ENTRY ELEMENTS (KOHA)
Suppress in OPAC 0
Holdings
Withdrawn status Lost status Source of classification or shelving scheme Damaged status Not for loan Home library Current library Shelving location Date acquired Total Checkouts Full call number Barcode Date last seen Copy number Price effective from Koha item type
    Dewey Decimal Classification     London London Journal article 28/05/2010   L150072 150072-1001 06/08/2019 1 06/08/2019 Journal article